| 000 | 00389nam a2200157Ia 4500 | ||
|---|---|---|---|
| 008 | 210716s2009 xx 000 0 und d | ||
| 020 | _a9788132100850 | ||
| 041 | _aeng | ||
| 082 | _a152.47 BHAS | ||
| 100 | _aBhave, Swati Y;Saini, Sunil. | ||
| 245 | _aAnger management. | ||
| 250 | _a1 | ||
| 260 |
_aNew Delhi _bSage Publications _c2009 |
||
| 300 | _axviii,190 | ||
| 650 | _aPsychology | ||
| 999 |
_c207878 _d207878 |
||